Life on the highest plane: (Record no. 15653)

000 -LEADER
fixed length control field 00622nam a2200193 a 4500
001 - CONTROL NUMBER
control field :::00014513$&:&@@
003 - CONTROL NUMBER IDENTIFIER
control field OkBaRHE
005 - DATE AND TIME OF LATEST TRANSACTION
control field 20100402123557.0
008 - FIXED-LENGTH DATA ELEMENTS--GENERAL INFORMATION
fixed length control field s1978 j 000 0 eng u
020 ## - INTERNATIONAL STANDARD BOOK NUMBER
International Standard Book Number 0802447309
040 ## - CATALOGING SOURCE
Transcribing agency
100 1# - MAIN ENTRY--PERSONAL NAME
Personal name Paxson, Ruth.
245 10 - TITLE STATEMENT
Title Life on the highest plane:
Remainder of title a study of the spiritual nature and needs of man; vol. 2.
260 ## - PUBLICATION, DISTRIBUTION, ETC. (IMPRINT)
Place of publication, distribution, etc Chicago, IL., :
Name of publisher, distributor, etc Moody Press
Date of publication, distribution, etc 1978
300 ## - PHYSICAL DESCRIPTION
Extent v. <1-3> ;
Dimensions 23 cm.
650 ## - SUBJECT ADDED ENTRY--TOPICAL TERM
Topical term or geographic name as entry element Christian Life
942 ## - ADDED ENTRY ELEMENTS (KOHA)
Source of classification or shelving scheme
Koha item type Books
Copies
Shelving location Date acquired Not for loan Source of classification or shelving scheme Full call number Price effective from Barcode Koha item type Damaged status Lost status Copy number Withdrawn status Date last seen Permanent Location
General Stacks2010-04-14  BV 4501 .P34 19782010-04-1414513Books  1 2010-04-14RHEMA Bible Training College